00852nam a2200265 i 4500003000900000005001700009007000300026008004100029020001800070040003000088041000800118082002100126100003600147242000800183245009900191264003900290300002800329336002700357337003400384338002800418500006300446650001600509650003800525650002300563DO-SdBNP20260116073831.0ta110413s2023 dr 000 j spa d a9789945943108 aDO-SdBNPbspacBNPHUerda aspa 4a158.1bG633a2221 aGomez, Alba Esthereautor4aut. a 10aAbriendo tus alas :breto 21 días: hacia la transformación personal /cAlba Esther Gómez 1aSanto Domingo :bFutura RD,c2023. a181 páginas ;c23 cm. atextobtxt2rdacontent asin mediación bn2rdamedia avolumenbnc2rdacarrier aIncluye datos biográficos del autor en la página 186.  0aAutoestima  7aAutorrealización (Psicología) 7aConducta (Ética)